| 000 | 00506nam a22001577a 4500 | ||
|---|---|---|---|
| 005 | 20150930122212.0 | ||
| 008 | 150930b xxu||||| |||| 00| 0 eng d | ||
| 040 | _cPK-LaUMT | ||
| 082 |
_aKHC 954.918 _bSIR-W |
||
| 100 | _aسرمورٹیمر وھیلر | ||
| 245 |
_aوادی سندھ اور اسکے بعد کی تہزیبیں _cسرمورٹیمر وھیلر |
||
| 260 |
_aنئی دہلی _bترقی اردو بیورو _c1980 |
||
| 300 | _a146 ص | ||
| 700 | _aزبیر رضوی(مترجم | ||
| 942 | _cBK | ||
| 999 |
_c76810 _d76810 |
||